000 00485ntaaa2200181 4500
003 01
005 20251027202818.0
008 0714s1973 ag 01
040 _aAR-BaBN
_bspa
_cAR-BaBN
_eaacr
_dRIC
082 _a916.0000 L52
100 _aLegación de la Unión de Sudáfrica
_928524
245 _aLa Unión de Sudáfrica
250 _a1 ed.
260 _aBuenos Aires :
_bLegación de la Unión de Sudáfrica,
_c1954
300 _a80 p
650 _aSud Africa
_928525
942 _cBK
999 _c23485
_d23485